=LDR 00000nam 2200000 4500 =001 INLIS000000000008384 =005 20200526084730 =035 ##$$a 0010-061300000008384 =008 200526################g##########0#ind## =041 ##$$a Ind =082 ##$$a 2x4.1 =090 ##$$a 2x4.1, Qut i =100 ##$$a Quthub, Muhammad =245 1#$$a Koreksi atas pemahaman ibadah /$c Muhammad Quthub =260 ##$$a [s.l] :$b {s.n},$c [s.a] =300 ##$$a 219 hlm, ; $c 19 x 13 cm. =650 #4$$a Ibadah - Islam =084 ##$$a 2x4.1 QUT k =990 ##$$a 37.006/Pb-91 =990 ##$$a 37.005/Pb-91